The bracelet / (Record no. 337328)
[ view plain ]
| 000 -LEADER | |
|---|---|
| fixed length control field | 00407nam a2200169Ia 4500 |
| 008 - FIXED-LENGTH DATA ELEMENTS--GENERAL INFORMATION | |
| fixed length control field | 170705s9999 xx 000 0 und d |
| 020 ## - INTERNATIONAL STANDARD BOOK NUMBER | |
| International Standard Book Number | 9780399225031 |
| 245 #4 - TITLE STATEMENT | |
| Title | The bracelet / |
| 245 ## - TITLE STATEMENT | |
| Statement of responsibility, etc | by Yoshiko Uchida and Joanna Yardley. |
| 260 ## - PUBLICATION, DISTRIBUTION, ETC. (IMPRINT) | |
| Place of publication, distribution, etc | New York : |
| 260 ## - PUBLICATION, DISTRIBUTION, ETC. (IMPRINT) | |
| Name of publisher, distributor, etc | Philomel Books, |
| 260 ## - PUBLICATION, DISTRIBUTION, ETC. (IMPRINT) | |
| Date of publication, distribution, etc | 1976 |
| 300 ## - PHYSICAL DESCRIPTION | |
| Extent | unpaged : |
| 300 ## - PHYSICAL DESCRIPTION | |
| Other physical details | chiefly colored ; |
| 300 ## - PHYSICAL DESCRIPTION | |
| Dimensions | 25cm. |
| 500 ## - GENERAL NOTE | |
| General note | 710 |
No items available.